[Event "Bad Harzburg op 13th"]
[Site "Bad Harzburg"]
[Date "2012.11.03"]
[Round "7"]
[White "Gabor, Gregor"]
[Black "Schebitz, Stephan"]
[Result "1-0"]
[WhiteElo "2157"]
[BlackElo "2146"]
[PlyCount "87"]
[EventDate "2012.10.30"]
[EventType "swiss"]
[EventRounds "8"]
[EventCountry "GER"]
[SourceTitle "EXT 2014"]
[Source "ChessBase"]
[SourceDate "2013.11.20"]
[SourceVersion "1"]
[SourceVersionDate "2013.11.20"]
[SourceQuality "1"]

1. c4 e5 2. g3 Nc6 3. Bg2 Nf6 4. Nc3 d6 5. d3 Be7 6. e4 0-0 7. Nge2 Nd7 8. 0-0 Nc5 9. Nd5 Bg4 10. f3 Bh5 11. Be3 a5 12. Qd2 Rb8 13. Nec3 b6 14. Bh3 Ne6 15. f4 exf4 16. gxf4 Ned4 17. Nxe7+ Qxe7 18. Qf2 Nf3+ 19. Kg2 Nb4 20. Kh1 Nh4 21. Qg3 Nxd3 22. Bd4 f5 23. Qxd3 fxe4 24. Nxe4 c5 25. Bc3 Rbe8 26. Rae1 Qb7 27. Kg1 Bg6 28. f5 Nxf5 29. Bxf5 Bxf5 30. Rxf5 Rxf5 31. Nf6+ Rxf6 32. Rxe8+ Kf7 33. Bxf6 Kxe8 34. Qe3+ Kf7 35. Bh4 h6 36. Bg3 b5 37. Qf4+ Kg8 38. Qxd6 Qf3 39. Qe6+ Kh7 40. cxb5 Qd1+ 41. Kg2 Qc2+ 42. Kh3 Qd1 43. Qf5+ Kg8 44. b6 1-0

[Event "Bad Harzburg op 13th"]
[Site "Bad Harzburg"]
[Date "2012.11.01"]
[Round "5"]
[White "Jugelt, Tobias"]
[Black "Schebitz, Stephan"]
[Result "1-0"]
[WhiteElo "2378"]
[BlackElo "2146"]
[PlyCount "91"]
[EventDate "2012.10.30"]
[EventType "swiss"]
[EventRounds "8"]
[EventCountry "GER"]
[SourceTitle "EXT 2014"]
[Source "ChessBase"]
[SourceDate "2013.11.20"]
[SourceVersion "1"]
[SourceVersionDate "2013.11.20"]
[SourceQuality "1"]

1. d4 f5 2. g3 Nf6 3. Bg2 g6 4. Nf3 Bg7 5. 0-0 0-0 6. c4 c6 7. Nc3 d6 8. d5 e5 9. dxe6 Bxe6 10. Qd3 Na6 11. Bf4 Ne8 12. Rad1 Nb4 13. Qd2 Bxc4 14. b3 Nd5 15. bxc4 Nxc3 16. Rc1 Ne4 17. Qc2 Qe7 18. Rfd1 Rd8 19. Rd3 Nc7 20. Nd2 Nc5 21. Re3 Qf6 22. Ra3 N7e6 23. Rxa7 Nxf4 24. gxf4 Rf7 25. Nb3 Nxb3 26. Qxb3 Qd4 27. Rxb7 Qd2 28. Rb1 Qxe2 29. Rxf7 Kxf7 30. Bxc6 Bd4 31. Bd5+ Kg7 32. Qg3 Re8 33. a4 Qa2 34. Rb7+ Kh8 35. Qh4 Bg7 36. Bc6 Rg8 37. Bd5 Re8 38. Bf7 Rf8 39. Bxg6 h6 40. Qe7 Rg8 41. Qxd6 Qxc4 42. a5 Qe4 43. Rb8 Qc4 44. Rxg8+ Kxg8 45. Bxf5 Qb5 46. Qe6+ 1-0

[Event "Bad Harzburg op 13th"]
[Site "Bad Harzburg"]
[Date "2012.10.31"]
[Round "2"]
[White "Geers, Bernhard"]
[Black "Schebitz, Stephan"]
[Result "0-1"]
[WhiteElo "1953"]
[BlackElo "2146"]
[PlyCount "114"]
[EventDate "2012.10.30"]
[EventType "swiss"]
[EventRounds "8"]
[EventCountry "GER"]
[SourceTitle "EXT 2014"]
[Source "ChessBase"]
[SourceDate "2013.11.20"]
[SourceVersion "1"]
[SourceVersionDate "2013.11.20"]
[SourceQuality "1"]

1. d4 f5 2. c4 Nf6 3. g3 g6 4. Bg2 Bg7 5. Nc3 0-0 6. Nh3 c6 7. 0-0 Na6 8. f3 d6 9. Qb3 Qe8 10. e4 fxe4 11. fxe4 Ng4 12. Rxf8+ Qxf8 13. Ne2 c5 14. d5 Nc7 15. Bd2 Qe8 16. Bc3 Bh6 17. Re1 Ne3 18. Nef4 Nxg2 19. Kxg2 g5 20. Nd3 e5 21. Qd1 Qg6 22. Nhf2 Bd7 23. b4 b6 24. bxc5 bxc5 25. Qb3 Rf8 26. g4 Qf7 27. Re3 Ne8 28. h3 Bg7 29. Qd1 Nf6 30. Rf3 Qg6 31. Re3 Rb8 32. Ba5 Rb7 33. Re1 Qe8 34. Bc3 Ba4 35. Qf3 Rf7 36. Qe3 h6 37. Rb1 Qc8 38. Nc1 Kh7 39. Ne2 Bd7 40. Ng3 Bf8 41. Qd3 Ng8 42. Nf5 Qa6 43. Rb2 Ne7 44. Nd1 Ng6 45. Bd2 Nf4+ 46. Bxf4 gxf4 47. Nf2 Qc8 48. Qa3 Kg8 49. Rb1 h5 50. Kf3 Rh7 51. Rg1 Kh8 52. Qa5 Qb8 53. Qc3 Qd8 54. g5 Bc8 55. h4 Rb7 56. Nd3 Bg7 57. Rg2 Bxf5 0-1

[Event "Bad Harzburg op 13th"]
[Site "Bad Harzburg"]
[Date "2012.10.31"]
[Round "3"]
[White "Schebitz, Stephan"]
[Black "Kardoeus, David"]
[Result "1-0"]
[WhiteElo "2146"]
[BlackElo "1886"]
[PlyCount "80"]
[EventDate "2012.10.30"]
[EventType "swiss"]
[EventRounds "8"]
[EventCountry "GER"]
[SourceTitle "EXT 2014"]
[Source "ChessBase"]
[SourceDate "2013.11.20"]
[SourceVersion "1"]
[SourceVersionDate "2013.11.20"]
[SourceQuality "1"]

1. d4 d6 2. g3 e5 3. Bg2 exd4 4. Qxd4 Nf6 5. Bg5 Be7 6. Nc3 Nc6 7. Qd2 h6 8. Bf4 Bf5 9. e4 Bg6 10. Nge2 Nd7 11. 0-0 0-0 12. Nd5 Nb6 13. Nec3 Bf6 14. Nxf6+ Qxf6 15. b3 Rfe8 16. Rad1 Ne5 17. a4 a5 18. f3 Qd8 19. Be3 Ned7 20. Qf2 f6 21. Nb5 Bf7 22. c4 Nxc4 23. bxc4 Bxc4 24. Rfe1 Bb3 25. Rb1 Bc4 26. Na3 Ba6 27. Red1 Ne5 28. Qc2 Qd7 29. Nb5 Re7 30. f4 Ng4 31. Bc1 Bxb5 32. Rxb5 c6 33. Rb6 f5 34. e5 Qc7 35. Qb3+ d5 36. h3 Nxe5 37. fxe5 Qxe5 38. Bf4 Qf6 39. Rxb7 g5 40. Rxe7 Qxe7 1-0

[Event "Nord West Cup 05th"]
[Site "Bad Zwischenahn"]
[Date "2003.??.??"]
[Round "2"]
[White "Janzen, Christian"]
[Black "Schebitz, Stephan"]
[Result "1/2-1/2"]
[WhiteElo "1616"]
[BlackElo "2180"]
[PlyCount "117"]
[EventDate "2003.02.??"]
[EventType "swiss"]
[EventRounds "7"]
[EventCountry "GER"]
[SourceTitle "EXT 2004"]
[Source "ChessBase"]
[SourceDate "2003.11.25"]
[SourceVersion "1"]
[SourceVersionDate "2003.11.25"]
[SourceQuality "1"]

1. e4 e5 2. Nf3 f5 3. d4 fxe4 4. Nxe5 Nf6 5. Be2 d6 6. Nc4 Be7 7. Nc3 0-0 8. 0-0 c6 9. Be3 b5 10. Nd2 d5 11. a3 Nbd7 12. f3 exf3 13. Bxf3 Qe8 14. Re1 Qg6 15. Bf4 Re8 16. Re3 Nf8 17. Nf1 Bf5 18. Re2 Ne6 19. Be5 Ng5 20. Kh1 Ng4 21. Ng3 Nxf3 22. gxf3 Nxe5 23. Nxf5 Qxf5 24. Rxe5 Qf7 25. Qe2 Bf6 26. Rxe8+ Rxe8 27. Qf2 Re6 28. Rd1 Bh4 29. Qf1 Qf5 30. Qd3 Qh5 31. Ne2 Qe8 32. Ng1 Re3 33. Qd2 Be1 34. Qg2 h6 35. c3 a5 36. Rc1 Bh4 37. Rc2 Bg5 38. Re2 Kf7 39. Rxe3 Qxe3 40. Qc2 Kf6 41. Kg2 Qc1 42. Qe2 Be3 43. Nh3 g5 44. Nf2 h5 45. Nd1 Qd2 46. Qxd2 Bxd2 47. h3 Bc1 48. Kf2 a4 49. Ke2 Kf5 50. Kf1 Kf4 51. Kg2 Kf5 52. Kf1 Bf4 53. Nf2 Bg3 54. Nd3 Bd6 55. Ke2 g4 56. fxg4+ hxg4 57. hxg4+ Kxg4 58. Ke3 Kf5 59. Kf3 1/2-1/2

[Event "Nord West Cup 05th"]
[Site "Bad Zwischenahn"]
[Date "2003.??.??"]
[Round "3"]
[White "Reininga, Jannes"]
[Black "Schebitz, Stephan"]
[Result "0-1"]
[WhiteElo "1630"]
[BlackElo "2180"]
[PlyCount "30"]
[EventDate "2003.02.??"]
[EventType "swiss"]
[EventRounds "7"]
[EventCountry "GER"]
[SourceTitle "EXT 2004"]
[Source "ChessBase"]
[SourceDate "2003.11.25"]
[SourceVersion "1"]
[SourceVersionDate "2003.11.25"]
[SourceQuality "1"]

1. d4 f5 2. g3 Nf6 3. c4 g6 4. Bg2 Bg7 5. Nc3 c6 6. Nf3 d6 7. 0-0 0-0 8. Re1 Nbd7 9. Qc2 e5 10. dxe5 dxe5 11. b3 f4 12. Bb2 e4 13. Ng5 e3 14. Nce4 exf2+ 15. Kf1 Ng4 0-1

[Event "Nord West Cup 05th"]
[Site "Bad Zwischenahn"]
[Date "2003.??.??"]
[Round "6"]
[White "Schebitz, Stephan"]
[Black "Topolewski, Dirk"]
[Result "1-0"]
[WhiteElo "2180"]
[BlackElo "2278"]
[PlyCount "117"]
[EventDate "2003.02.??"]
[EventType "swiss"]
[EventRounds "7"]
[EventCountry "GER"]
[SourceTitle "EXT 2004"]
[Source "ChessBase"]
[SourceDate "2003.11.25"]
[SourceVersion "1"]
[SourceVersionDate "2003.11.25"]
[SourceQuality "1"]

1. d4 e6 2. Nf3 Nf6 3. Bg5 h6 4. Bh4 g5 5. Bg3 Ne4 6. Be5 Rg8 7. Nfd2 Nxd2 8. Nxd2 d6 9. Bg3 b6 10. e4 Bb7 11. Bb5+ Nd7 12. Qe2 a6 13. Ba4 Bg7 14. c3 Qe7 15. Qc4 Rc8 16. Qe2 b5 17. Bb3 c5 18. dxc5 dxc5 19. 0-0 c4 20. Bc2 Ne5 21. a4 b4 22. Bxe5 Bxe5 23. Nxc4 Bxh2+ 24. Kxh2 Qc7+ 25. Kg1 Qxc4 26. Qxc4 Rxc4 27. Bd3 Rc7 28. cxb4 Rd7 29. Rfd1 Ke7 30. b5 a5 31. Kf1 Rgd8 32. Ke2 Rd4 33. f3 Rb4 34. Rdb1 Rbd4 35. Ra3 f5 36. exf5 exf5 37. Bxf5 Rd2+ 38. Kf1 Kf6 39. Be4 Bxe4 40. fxe4 Ke5 41. Re3 R8d4 42. b4 axb4 43. b6 g4 44. b7 Rd8 45. Rxb4 Rb8 46. Rc3 Rd7 47. Rc5+ Kf4 48. e5+ Ke3 49. Rc3+ Kd2 50. Rcb3 Re7 51. Rb5 g3 52. a5 Rf7+ 53. Kg1 Rc7 54. Rb1 Rc4 55. a6 Ra4 56. Rb6 Kc2 57. Rf1 Kd3 58. e6 Ke2 59. e7 1-0

[Event "Passau op 8th"]
[Site "Passau"]
[Date "2000.04.22"]
[Round "3"]
[White "Schebitz, Stephan"]
[Black "Renner, Christoph"]
[Result "1-0"]
[WhiteElo "2146"]
[BlackElo "2448"]
[PlyCount "73"]
[EventDate "2000.04.21"]
[EventType "swiss"]
[EventRounds "7"]
[EventCountry "GER"]
[SourceTitle "CBM 076 Extra"]
[Source "ChessBase"]
[SourceDate "2000.07.11"]
[SourceVersion "1"]
[SourceVersionDate "2000.07.11"]
[SourceQuality "1"]

1. d4 f5 2. c4 Nf6 3. g3 g6 4. Bg2 Bg7 5. Nf3 0-0 6. 0-0 d6 7. d5 c6 8. Nc3 e5 9. dxe6 Bxe6 10. Bf4 Bxc4 11. Bxd6 Re8 12. Ne5 Be6 13. Qd3 Nbd7 14. Nc4 Nb6 15. Ne3 Qd7 16. Rad1 Qf7 17. b3 Rad8 18. Qc2 Nh5 19. Bf3 g5 20. g4 fxg4 21. Nxg4 Bxg4 22. Bxg4 Rxd6 23. Rxd6 Qf4 24. Bxh5 Be5 25. Bf7+ Kg7 26. Rg6+ Kh8 27. Rh6 Qxf7 28. Rd1 Rf8 29. Ne4 Qf5 30. Qc5 Kg7 31. Rh5 h6 32. Ng3 Qf6 33. Rh3 Kh7 34. Ne4 Qf4 35. Qe7+ Kg8 36. Qe6+ Qf7 37. Qxe5 1-0

[Event "Passau op 8th"]
[Site "Passau"]
[Date "2000.04.22"]
[Round "4"]
[White "Velicka, Petr"]
[Black "Schebitz, Stephan"]
[Result "1-0"]
[WhiteElo "2458"]
[BlackElo "2146"]
[PlyCount "99"]
[EventDate "2000.04.21"]
[EventType "swiss"]
[EventRounds "7"]
[EventCountry "GER"]
[SourceTitle "CBM 076 Extra"]
[Source "ChessBase"]
[SourceDate "2000.07.11"]
[SourceVersion "1"]
[SourceVersionDate "2000.07.11"]
[SourceQuality "1"]

1. e4 e5 2. Nf3 Nc6 3. Bc4 Nf6 4. d3 Be7 5. 0-0 d6 6. c3 0-0 7. Nbd2 Na5 8. Bb5 a6 9. Ba4 b5 10. Bc2 c5 11. Re1 Qc7 12. Nf1 Re8 13. Ng3 Nc6 14. h3 Bd7 15. Nh2 Nd8 16. Qf3 Ne6 17. Nf5 Bf8 18. Nh6+ gxh6 19. Qxf6 Bg7 20. Qh4 Qd8 21. Qxd8 Raxd8 22. Ng4 Nf4 23. Ne3 Kh8 24. h4 Rg8 25. g3 Nh5 26. a4 b4 27. cxb4 cxb4 28. a5 Be6 29. Bd2 Bf6 30. Kh2 Rb8 31. Nc4 Be7 32. Nb6 Nf6 33. Bxb4 Nd7 34. Bc3 Nxb6 35. axb6 Rxb6 36. d4 f6 37. Bd3 Ra8 38. Ra5 Kg7 39. Rea1 Bc8 40. d5 Ra7 41. R5a3 h5 42. b4 Bd8 43. Bd2 Ra8 44. b5 Rbb8 45. bxa6 Rb2 46. R1a2 Rxa2 47. Rxa2 Bb6 48. Bb4 Bc7 49. Rc2 Ra7 50. Bd2 1-0

[Event "Passau op 8th"]
[Site "Passau"]
[Date "2000.04.21"]
[Round "2"]
[White "Wiesgickl, Gerhard"]
[Black "Schebitz, Stephan"]
[Result "0-1"]
[WhiteElo "2227"]
[BlackElo "2146"]
[PlyCount "51"]
[EventDate "2000.04.21"]
[EventType "swiss"]
[EventRounds "7"]
[EventCountry "GER"]
[SourceTitle "CBM 076 Extra"]
[Source "ChessBase"]
[SourceDate "2000.07.11"]
[SourceVersion "1"]
[SourceVersionDate "2000.07.11"]
[SourceQuality "1"]

1. e4 g6 2. d4 Bg7 3. Nc3 d6 4. f4 Nf6 5. Nf3 0-0 6. Bd3 c5 7. e5 Ne8 8. h4 cxd4 9. Ne4 dxe5 10. fxe5 Nc6 11. h5 Nxe5 12. Nxe5 Qa5+ 13. Bd2 Qxe5 14. hxg6 f5 15. Qh5 Nf6 16. Qh4 fxe4 17. Bc4+ e6 18. Bg5 hxg6 19. 0-0-0 b5 20. Bb3 a5 21. a3 a4 22. Ba2 b4 23. Rdf1 Nh5 24. Rxf8+ Bxf8 25. Rh3 d3 26. g4 0-1

[Event "Passau op 7th"]
[Site "Passau"]
[Date "1999.04.03"]
[Round "3"]
[White "Schebitz, Stephan"]
[Black "Zankl, Thomas"]
[Result "1-0"]
[WhiteElo "2190"]
[BlackElo "1987"]
[PlyCount "45"]
[EventDate "1999.04.02"]
[EventType "swiss"]
[EventRounds "7"]
[EventCountry "GER"]
[SourceTitle "EXT 2000"]
[Source "ChessBase"]
[SourceDate "1999.11.16"]
[SourceVersion "1"]
[SourceVersionDate "1999.11.16"]
[SourceQuality "1"]

1. d4 Nf6 2. Nf3 g6 3. Nc3 Bg7 4. e4 d6 5. Bc4 Bg4 6. h3 Bxf3 7. Qxf3 0-0 8. Bg5 Nc6 9. Ne2 a6 10. c3 Nd7 11. Qg3 Qe8 12. h4 b5 13. Bd5 Nf6 14. h5 e6 15. Bxc6 Qxc6 16. f3 Qd7 17. Qh4 Nxh5 18. g4 h6 19. Be3 Nf6 20. Bxh6 Ne8 21. Bxg7 Kxg7 22. Qh6+ Kf6 23. Qxf8 1-0

[Event "Passau op 7th"]
[Site "Passau"]
[Date "1999.04.02"]
[Round "2"]
[White "Schebitz, Stephan"]
[Black "Philipp, Nils"]
[Result "1-0"]
[WhiteElo "2190"]
[BlackElo "100"]
[PlyCount "63"]
[EventDate "1999.04.02"]
[EventType "swiss"]
[EventRounds "7"]
[EventCountry "GER"]
[SourceTitle "EXT 2000"]
[Source "ChessBase"]
[SourceDate "1999.11.16"]
[SourceVersion "1"]
[SourceVersionDate "1999.11.16"]
[SourceQuality "1"]

1. d4 Nf6 2. Nf3 d6 3. c4 Nbd7 4. Nc3 e5 5. Bg5 Be7 6. e3 0-0 7. Qc2 Ng4 8. h3 Ngf6 9. 0-0-0 exd4 10. Rxd4 Nc5 11. h4 Ne6 12. Rd2 g6 13. Bh6 Re8 14. Nh2 Nc5 15. f3 Nh5 16. g4 Ng3 17. Rg1 Nxf1 18. Nxf1 Bf8 19. Bg5 Be7 20. Nd5 Bxg5 21. hxg5 Nd7 22. f4 c6 23. Nc3 Nf8 24. Ne4 Rxe4 25. Qxe4 Qa5 26. Rxd6 Qxa2 27. f5 b5 28. fxg6 hxg6 29. Rh1 Bb7 30. Qf4 Qa1+ 31. Kc2 Qe1 32. Qf6 1-0